000 00450nam a2200181Ia 4500
005 20250423095258.0
008 250422s9999 xx 000 0 und d
020 _a9789352691623
050 _aJZ 1305 .S56/
100 _aSingh, Arimardan
245 0 _aEssentials of international relations
260 _aNew Delhi
260 _bRamdom Publications
260 _c2019
300 _a332 p
650 _aInternational relations.
942 _cBK
999 _c29788
_d29788